[Event "Kurunegala op 11th"]
[Site "Kurunegala"]
[Date "2019.11.30"]
[Round "2"]
[White "Tharanga, TA."]
[Black "Alahakoon, Isuru"]
[Result "0-1"]
[WhiteElo "1072"]
[BlackElo "2171"]
[PlyCount "102"]
[EventDate "2019.11.30"]
[EventType "swiss"]
[EventRounds "10"]
[EventCountry "SRI"]
[SourceTitle "CBM 193 Extra"]
[Source "ChessBase"]
[SourceDate "2020.01.31"]
[SourceVersion "1"]
[SourceVersionDate "2020.01.31"]
[SourceQuality "1"]

1. e4 d6 2. Nf3 Nf6 3. Nc3 e5 4. Bc4 Be7 5. h3 c6 6. d3 h6 7. Bb3 Na6 8. a3 Nc5 9. Ba2 a5 10. Be3 Qc7 11. Bxc5 dxc5 12. Ne2 0-0 13. g4 Nh7 14. Rg1 Ng5 15. Rg3 a4 16. Neg1 Ne6 17. h4 Nf4 18. g5 Kh8 19. Nd2 g6 20. Ne2 hxg5 21. hxg5 Kg7 22. Nxf4 exf4 23. Rg1 b5 24. Qf3 Qe5 25. c3 Rh8 26. Ke2 Qd6 27. Rh1 Be6 28. Bxe6 fxe6 29. Rag1 Rad8 30. Rxh8 Rxh8 31. Rh1 Rxh1 32. Qxh1 Bxg5 33. Nf3 Bf6 34. Kd2 c4 35. d4 e5 36. Kc2 exd4 37. cxd4 Bxd4 38. Ng5 Kf8 39. Qh6+ Bg7 40. Qh3 Qd3+ 41. Qxd3 cxd3+ 42. Kxd3 Bxb2 43. Ne6+ Ke7 44. Nxf4 g5 45. Ne2 Bxa3 46. Nc3 g4 47. Ke3 Bc5+ 48. Kf4 Bxf2 49. Kxg4 Bd4 50. Na2 c5 51. Kf3 b4 0-1